| 000 | 00447nam a2200181Ia 4500 | ||
|---|---|---|---|
| 001 | 421 | ||
| 005 | 20260306140516.0 | ||
| 008 | 260306t2005||||xx |||||||||||||| ||spa|| | ||
| 041 | _aESP | ||
| 082 |
_a111.85 _bE |
||
| 100 |
_aEsposito, Constantino [1955-...] _eAUT |
||
| 245 | 0 |
_aBelleza y realidad : _blecturas de filosofía |
|
| 260 | _c2005 | ||
| 300 |
_a132 páginas : _c20 cm. |
||
| 650 | _aGEN | ||
| 654 | _aCHU | ||
| 942 |
_cLIB _dJUS _fJUS _2ddc _n |
||
| 999 |
_c421 _d421 |
||